| 000 | 00642cam a2200181 4500 | ||
|---|---|---|---|
| 001 | D2603 | ||
| 008 | 090401t1980 xxu||||| |||| 00| 0 eng d | ||
| 035 | _a(Sirsi) u69844 | ||
| 041 | _aeng | ||
| 050 | _a333.00601 | ||
| 110 |
_aCommonwealth Association of Surveying and Land Economy _92570 |
||
| 245 | _aHuman resources for the development and management of land: the role of the surveyor and land economy professions, report of the proceedings of a CASLE Atlantic regional seminar held in Jamaica on 25 - 28 September 1979 | ||
| 260 |
_aLondon _bCASLE _c1980 |
||
| 300 | _a153p. 30cm | ||
| 350 | _a0 | ||
| 942 | _n0 | ||
| 948 | _c04/03/1997 | ||
| 999 |
_c95241 _d95241 |
||